00410pab a2200145 454500008004000000100001700040245006100057260000900118300001400127362000800141650002200149650002800171650002000199773004500219180718b1998 xxu||||| |||| 00| 0 eng d aZhiqiang Liu aEarnings, education, and economic reforms in urban China c1998 ap.697-725 aJul aEducation - China aEconomic reform - China aEconomic reform aEconomic Development and Cultural Change